A finnugor "mítosz"
Elmentve itt :
| Szerző: | |
|---|---|
| Dokumentumtípus: | Könyv része |
| Megjelent: |
MTA-SZTE Vallási Kultúrakutató Csoport
Szeged
2015
|
| Sorozat: | A vallási kultúrakutatás könyvei
Már a múlt sem régi...: Az új magyar mitológia multidiszciplináris elemzése |
| mtmt: | 3005375 |
| Online Access: | http://publicatio.bibl.u-szeged.hu/18808 |
| LEADER | 00847naa a2200205 i 4500 | ||
|---|---|---|---|
| 001 | publ18808 | ||
| 005 | 20200604130154.0 | ||
| 008 | 200604s2015 hu o 0|| zxx d | ||
| 020 | |a 9789633064269 | ||
| 024 | 7 | |a 3005375 |2 mtmt | |
| 040 | |a SZTE Publicatio Repozitórium |b hun | ||
| 041 | |a zxx | ||
| 100 | 1 | |a Szeverényi Sándor | |
| 245 | 1 | 2 | |a A finnugor "mítosz" |h [elektronikus dokumentum] / |c Szeverényi Sándor |
| 260 | |a MTA-SZTE Vallási Kultúrakutató Csoport |b Szeged |c 2015 | ||
| 300 | |a 119-142 | ||
| 490 | 0 | |a A vallási kultúrakutatás könyvei | |
| 490 | 0 | |a Már a múlt sem régi...: Az új magyar mitológia multidiszciplináris elemzése | |
| 856 | 4 | 0 | |u http://publicatio.bibl.u-szeged.hu/18808/1/A_finnugor_mitosz.pdf |z Dokumentum-elérés |
| 856 | 4 | 0 | |u http://publicatio.bibl.u-szeged.hu/18808/7/3005375_c%C3%ADmlap_tartj.pdf |z Dokumentum-elérés |